ロード中...

Multiple indicators : an introduction /

書誌詳細
第一著者: Sullivan, John L.
その他の著者: Feldman, Stanley
フォーマット: Printed Book
言語:English
出版事項: London : Sage, 1979.
LEADER 00530nam a22001457a 4500
008 170202b xxu||||| |||| 00| 0 eng d
999 |c 162200  |d 162200 
082 |a 001.4202  
100 |a Sullivan, John L. 
245 |a Multiple indicators :   |c John L. Sullivan and Stanley Feldman  |b an introduction / 
260 |b Sage,  |c 1979.  |a London : 
300 |a 87 p. 
700 |a Feldman, Stanley 
942 |c BK 
952 |0 0  |1 0  |4 0  |6 001_420200000000000_SUL_M  |7 0  |9 178006  |a CMS  |b CMS  |c ST1  |d 2017-02-02  |i 5512  |l 0  |o 001.4202 SUL/M  |p CMS5512  |r 2017-02-02  |w 2017-02-02  |y BK